• 首页
  • 本馆介绍
  • 公告通知
  • 最新文献
  • 馆藏检索
  • 电子资源
  • 读者导购
  • 参考咨询
  • 我的图书馆
  • 登录
  • 详细信息显示
  • 放入我的书架
  • 预约/预借图书
  • 作者相关作品
  • 分类相关作品
  • 丛书相关作品
  • 出版社相关作品

书目信息

  • 表格格式
  • 工作单格式
  • 卡片格式
题名:
当代句法学导论
    
 
作者: 温宾利 编著
分册:  
出版信息: 北京   外语教学与研究出版社  2002
页数: 371页
开本: 20cm
丛书名: 外研社当代语言学丛书
单 册:
中图分类: H043
科图分类:
主题词: 句法--研究
电子资源:
ISBN: 7-5600-2669-9
000 00724nam2 2200229 45
001 0312291681
005 20031229163846.8
010    @a7-5600-2669-9@dCNY16.90
100    @a20031229d2002 km y0chiy0120 ea
101 0  @achi
105    @a z 000yy
200 1  @a当代句法学导论@ADang Dai Ju Fa Xue Dao Lun@f温宾利编著@FWen Bin Li Bian Zhu
210    @a北京@c外语教学与研究出版社@d2002
215    @a371页@d20cm
225    @a外研社当代语言学丛书@f桂诗春,王初明主编
410    @12001 @a外研社当代语言学丛书
410    @1700 0@a王初明@AWang Chu Ming@4主编@a桂诗春@AGui Shi Chun@4主编
606 0  @a句法@x研究
690    @aH043@v4
701  0 @a温宾利@4编著
801    @aCN@bTSTC@c20031229
905    @b330684-688@dH043@e44@f5
    
    当代句法学导论/温宾利编著.-北京:外语教学与研究出版社,2002
    371页;20cm.-(外研社当代语言学丛书/桂诗春,王初明主编)
    
    
    ISBN 7-5600-2669-9:CNY16.90
    
●
相关链接 在E读中查询图书 在五车中查询图书 在当当中查询图书 在豆瓣中查询图书


正题名:当代句法学导论     索取号:H043/44         预约/预借

序号 登录号 条形码 馆藏地/架位号 状态 备注
1 0330684   203306840   第四借阅区/ [索取号:H043/44] 在馆    
2 0330685   203306859   第四借阅区/ [索取号:H043/44] 在馆    
3 0330686   203306868   第四借阅区/ [索取号:H043/44] 在馆    
4 0330687   203306877   第四借阅区/ [索取号:H043/44] 在馆    
5 0330688   203306886   第二样本阅览室/ [索取号:H043/44] 在馆    
唐山师范学院图书馆 欢迎您!
大连网信软件有限公司© 版权所有